| 000 | 01800nam0a2200397 4500 | ||
|---|---|---|---|
| 001 | RU\NLR\bibl\1814387 | ||
| 005 | 20250803040204.0 | ||
| 010 |
_a978-5-9765-0256-7 _bФлинта _91000 |
||
| 021 |
_aRU _b2011-64767 _94559 |
||
| 035 | _a(NLR Aleph) 001804980 | ||
| 035 | _a(nilc)RSL-KNO-004994297 | ||
| 090 |
_a1802006 _c1802006 |
||
| 100 | _a20110822d2012 |||y0rusy50 ca | ||
| 101 | 0 | _arus | |
| 102 | _aRU | ||
| 105 | _ay z 000zy | ||
| 200 | 1 |
_aСтилистика русского языка _eучебник _eдля студентов высших учебных заведений, обучающихся по направлению 050300 Филологическое образование _fМ. Н. Кожина, Л. Р. Дускаева, В. А. Салимовский |
|
| 205 | _a3-е изд. | ||
| 210 |
_aМосква _cФлинта _cНаука _d2012 [т. е. 2011] |
||
| 215 |
_a462, [1] с. _cтабл., факс. _d21 |
||
| 300 | _aКн. фактически изд. в 2011 г. | ||
| 320 | _aБиблиогр.: с. 451-463 | ||
| 606 | 1 |
_aРусский язык _jУчебники для высших учебных заведений _xСтилистика _91563135 _3RU\NLR\auth\66984157 |
|
| 686 | 1 | _aШ141.12-923-7 | |
| 700 | 1 |
_aКожина _bМ. Н. _gМаргарита Николаевна _4070 |
|
| 701 | 1 |
_aДускаева _bЛ. Р. _gЛилия Рашидовна _4070 |
|
| 701 | 1 |
_aСалимовский _bВ. А. _gВладимир Александрович _4070 |
|
| 801 | 0 |
_aRU _bRuMoRKP _c20110822 _grcr |
|
| 801 | 1 |
_aRU _bРГБ _c20110822 |
|
| 801 | 2 |
_aRU _bNLR _c20110929 _grcr |
|
| 830 | _aавт. по кн. | ||
| 942 | _cBOOK | ||
| 980 | _aNB | ||
| 980 | _aNBR | ||